平成に消滅・改称した愛媛県の市町村 - Statistics

General Stats
  • This quiz has been taken 21 times
  • The average score is 47 of 66
Answer Stats
変更年月日 変更内容 回答 変更後の市町村 % Correct
2004.04/01 新設合併 川之江市 四国中央市
100%
2004.04/01 新設合併 伊予三島市 四国中央市
100%
2004.11/01 新設合併 西条市 西条市
100%
2005.01/01 編入合併 北条市 松山市
100%
2005.01/16 新設合併 今治市 今治市
100%
2005.03/28 新設合併 八幡浜市 八幡浜市
100%
2005.04/01 新設合併 伊方町 伊方町
100%
2005.04/01 新設合併 宇和島市 宇和島市
100%
2003.04/01 編入合併 別子山村 新居浜市
90%
2004.08/01 新設合併 久万町 久万高原町
90%
2004.11/01 新設合併 東予市 西条市
90%
2005.01/01 新設合併 砥部町 砥部町
90%
2005.01/01 新設合併 内子町 内子町
90%
2005.01/11 新設合併 大洲市 大洲市
90%
2005.01/16 新設合併 波方町 今治市
90%
2005.04/01 新設合併 伊予市 伊予市
90%
2004.04/01 新設合併 土居町 四国中央市
80%
2004.04/01 新設合併 宇和町 西予市
80%
2004.10/01 新設合併 弓削町 上島町
80%
2004.11/01 新設合併 小松町 西条市
80%
2005.01/01 編入合併 中島町 松山市
80%
2005.01/01 新設合併 広田村 砥部町
80%
2005.01/01 新設合併 五十崎町 内子町
80%
2005.01/16 新設合併 菊間町 今治市
80%
2005.01/16 新設合併 大三島町 今治市
80%
2005.04/01 新設合併 双海町 伊予市
80%
2005.04/01 新設合併 瀬戸町 伊方町
80%
2005.04/01 新設合併 津島町 宇和島市
80%
2004.08/01 新設合併 面河村 久万高原町
70%
2004.09/21 新設合併 重信町 東温市
70%
2004.09/21 新設合併 川内町 東温市
70%
2004.10/01 新設合併 魚島村 上島町
70%
2004.10/01 新設合併 城辺町 愛南町
70%
2005.01/01 新設合併 小田町 内子町
70%
2005.01/11 新設合併 長浜町 大洲市
70%
2005.01/16 新設合併 玉川町 今治市
70%
2005.01/16 新設合併 大西町 今治市
70%
2005.01/16 新設合併 伯方町 今治市
70%
2005.04/01 新設合併 中山町 伊予市
70%
2005.04/01 新設合併 三崎町 伊方町
70%
2004.04/01 新設合併 新宮村 四国中央市
60%
2004.04/01 新設合併 野村町 西予市
60%
2004.08/01 新設合併 柳谷村 久万高原町
60%
2004.10/01 新設合併 生名村 上島町
60%
2004.10/01 新設合併 岩城村 上島町
60%
2004.10/01 新設合併 内海村 愛南町
60%
2004.10/01 新設合併 御荘町 愛南町
60%
2004.10/01 新設合併 一本松町 愛南町
60%
2004.10/01 新設合併 西海町 愛南町
60%
2004.11/01 新設合併 丹原町 西条市
60%
2005.01/16 新設合併 上浦町 今治市
60%
2005.03/28 新設合併 保内町 八幡浜市
60%
2005.04/01 新設合併 吉田町 宇和島市
60%
2004.04/01 新設合併 三瓶町 西予市
50%
2004.04/01 新設合併 明浜町 西予市
50%
2004.08/01 新設合併 美川村 久万高原町
50%
2005.01/01 新設合併 日吉村 鬼北町
50%
2005.01/11 新設合併 肱川町 大洲市
50%
2005.01/16 新設合併 吉海町 今治市
50%
2005.01/16 新設合併 宮窪町 今治市
50%
2004.04/01 新設合併 城川町 西予市
40%
2005.01/11 新設合併 河辺村 大洲市
40%
2005.01/16 新設合併 朝倉村 今治市
40%
2005.01/16 新設合併 関前町 今治市
40%
2005.04/01 新設合併 三間町 宇和島市
40%
2005.01/01 新設合併 広美町 鬼北町
30%
No matching quizzes found
Score Distribution
Percent of People with Each Score
Percentile by Number Answered
Your Score History
You have not taken this quiz